[Event "Tatry op"]
[Site "Tatranske Zruby"]
[Date "2009.10.01"]
[Round "6"]
[White "Holicky, Miroslav"]
[Black "Mocary, Metod"]
[Result "0-1"]
[WhiteElo "1801"]
[BlackElo "2048"]
[PlyCount "104"]
[EventDate "2009.09.27"]
[EventType "swiss"]
[EventRounds "9"]
[EventCountry "SVK"]
[SourceTitle "EXT 2011"]
[Source "ChessBase"]
[SourceDate "2010.11.26"]
[SourceVersion "1"]
[SourceVersionDate "2010.11.26"]
[SourceQuality "1"]

1. e4 d6 2. d4 Nf6 3. Nc3 c6 4. f4 g6 5. h3 Bg7 6. Be3 b5 7. Qd2 b4 8. Nce2 Nxe4 9. Qxb4 0-0 10. 0-0-0 Qb6 11. Qxb6 axb6 12. Kb1 Be6 13. Nc1 Ng3 14. Rh2 Nxf1 15. Rxf1 Na6 16. g4 Nb4 17. b3 Nd5 18. Bf2 Nxf4 19. Bh4 Nd5 20. Nge2 Ra7 21. c4 Nf6 22. Nf4 Ne4 23. Nxe6 fxe6 24. Rxf8+ Kxf8 25. Kc2 Bxd4 26. Kd3 Be5 27. Rh1 Nc5+ 28. Kc2 Ke8 29. Bf2 Bf4 30. Bxc5 bxc5 31. a4 e5 32. Nd3 Kd7 33. Re1 Ra8 34. Rb1 g5 35. Rd1 Kc7 36. Re1 Rf8 37. Re2 Rf6 38. a5 Rf8 39. Re1 Ra8 40. Ra1 e4 41. Nf2 d5 42. Kd1 Bg3 43. Nh1 Be5 44. Ra2 Kd6 45. Ke2 Bf4 46. Kf2 e5 47. Ng3 Bxg3+ 48. Kxg3 d4 49. Kg2 Rf8 50. Kg1 e3 51. a6 d3 52. a7 e2 0-1